<?xml version="1.0" encoding="UTF-8"?>
<record
    xmlns:xsi="http://www.w3.org/2001/XMLSchema-instance"
    xsi:schemaLocation="http://www.loc.gov/MARC21/slim http://www.loc.gov/standards/marcxml/schema/MARC21slim.xsd"
    xmlns="http://www.loc.gov/MARC21/slim">

  <leader>00835nam a2200241 a 4500</leader>
  <controlfield tag="001">2467</controlfield>
  <controlfield tag="003">CDMR</controlfield>
  <controlfield tag="005">20131018111446.0</controlfield>
  <controlfield tag="008">130130s1968||||||||||||||||||||||||||||d</controlfield>
  <datafield tag="040" ind1=" " ind2=" ">
    <subfield code="a">CDMR</subfield>
    <subfield code="b">cat</subfield>
    <subfield code="c">CDMR</subfield>
  </datafield>
  <datafield tag="100" ind1="1" ind2=" ">
    <subfield code="a">Lafleur, H&#xE9;ctor Ren&#xE9;</subfield>
    <subfield code="9">1848</subfield>
  </datafield>
  <datafield tag="245" ind1="1" ind2="4">
    <subfield code="a">Las revistas literarias argentinas, 1893-1967</subfield>
    <subfield code="c">H&#xE9;ctor Ren&#xE9; Lafleur, Sergio D. Provenzano, Fernando P. Alonso</subfield>
  </datafield>
  <datafield tag="250" ind1=" " ind2=" ">
    <subfield code="a">Ed. rev. i aum.</subfield>
  </datafield>
  <datafield tag="260" ind1=" " ind2=" ">
    <subfield code="a">Buenos Aires</subfield>
    <subfield code="c">1968</subfield>
    <subfield code="b">Centro Editor de America Latina</subfield>
  </datafield>
  <datafield tag="300" ind1=" " ind2=" ">
    <subfield code="a">351 p.</subfield>
  </datafield>
  <datafield tag="490" ind1="0" ind2=" ">
    <subfield code="a">Biblioteca de Literatura.</subfield>
    <subfield code="a">Literatura Argentina.</subfield>
    <subfield code="a">Obras de referencia</subfield>
  </datafield>
  <datafield tag="650" ind1="0" ind2="3">
    <subfield code="9">3744</subfield>
    <subfield code="a">Premsa</subfield>
    <subfield code="z">Argentina</subfield>
  </datafield>
  <datafield tag="650" ind1="0" ind2="3">
    <subfield code="9">3088</subfield>
    <subfield code="a">Periodisme i literatura</subfield>
  </datafield>
  <datafield tag="650" ind1="0" ind2="3">
    <subfield code="9">4132</subfield>
    <subfield code="a">Revistes</subfield>
    <subfield code="x">Bibliografia</subfield>
    <subfield code="x">Cat&#xE0;legs</subfield>
  </datafield>
  <datafield tag="700" ind1="1" ind2=" ">
    <subfield code="9">4079</subfield>
    <subfield code="a">Provenzano, Sergio D.</subfield>
  </datafield>
  <datafield tag="700" ind1="1" ind2=" ">
    <subfield code="9">4080</subfield>
    <subfield code="a">Alonso, Fernando P.</subfield>
  </datafield>
  <datafield tag="942" ind1=" " ind2=" ">
    <subfield code="c">MON</subfield>
    <subfield code="2">udc</subfield>
  </datafield>
  <datafield tag="999" ind1=" " ind2=" ">
    <subfield code="c">2467</subfield>
    <subfield code="d">2467</subfield>
  </datafield>
  <datafield tag="952" ind1=" " ind2=" ">
    <subfield code="0">0</subfield>
    <subfield code="1">0</subfield>
    <subfield code="4">0</subfield>
    <subfield code="7">0</subfield>
    <subfield code="a">CDMR</subfield>
    <subfield code="b">CDMR</subfield>
    <subfield code="d">2013-01-16</subfield>
    <subfield code="l">0</subfield>
    <subfield code="o">Dt 4/1</subfield>
    <subfield code="p">CDMR13108497</subfield>
    <subfield code="r">2013-01-16</subfield>
    <subfield code="w">2013-01-16</subfield>
    <subfield code="y">MON</subfield>
  </datafield>
</record>
